| 000 | 01192njm a2200277 i 4500 | ||
|---|---|---|---|
| 001 | 4744 | ||
| 003 | ES-MaACL | ||
| 005 | 20250822053932.0 | ||
| 007 | s|r||||||||||| | ||
| 008 | 070813s1976 sp ||| g ||||||||1|nspa d | ||
| 100 | 0 |
_aCastillo, Julia, _d1956- _936704 |
|
| 245 | 1 | 0 |
_aMi poesía después del Adonais [ _hGrabación sonora] / _cintervienen por ausencia de Julia Castillo leyendo sus poemas Luis Jiménez Martos y Ramón Pedrós. |
| 260 |
_aMadrid : _bAteneo de Madrid, _c1976. |
||
| 300 |
_a1 disco (CD-DA) (48 min. 48 seg.) ; _c12 cm. |
||
| 490 | 1 | _aLecturas poéticas | |
| 500 | _aDatos basados en la invitación. | ||
| 518 | _aActo organizado por el Aula de Poesía del Ateneo de Madrid, grabado en la sala de conferencias el 21 de enero de 1976, a las 19:30 h. | ||
| 610 | 2 | 4 |
_aAteneo de Madrid- _xActos culturales- _y1976- _vGrabaciones sonoras. _91886 |
| 700 | 1 |
_aJiménez Martos, Luis, _d1926-2003 _966562 |
|
| 700 | 1 |
_aPedrós, Ramón. _989941 |
|
| 710 | 2 |
_aAteneo de Madrid. _bAula de Poesía. _91949 |
|
| 830 | 0 | 0 |
_aLecturas poéticas (Ateneo de Madrid) _9177095 |
| 852 |
_aES-MaACL _cROT _jROT 3/5/1 _94861 |
||
| 942 |
_2udc _cCDROM |
||
| 999 |
_c4744 _d4744 |
||